Kỹ thuật trồng cỏ cao sản nguồn thức ăn cho trâu bò

Guardat en:
Dades bibliogràfiques
Autor principal: Việt Chương
Format: Llibre
Idioma:Undetermined
Publicat: Hải Phòng Hải Phòng 2003
Matèries:
Etiquetes: Afegir etiqueta
Sense etiquetes, Sigues el primer a etiquetar aquest registre!
Thư viện lưu trữ: Trung tâm Học liệu Trường Đại học Cần Thơ
LEADER 00548nam a2200181Ia 4500
001 CTU_54108
008 210402s9999 xx 000 0 und d
020 |b 9000 
082 |a 633.2 
082 |b V308 
100 |a Việt Chương 
245 0 |a Kỹ thuật trồng cỏ cao sản nguồn thức ăn cho trâu bò 
245 0 |c Việt Chương 
260 |a Hải Phòng 
260 |b Hải Phòng 
260 |c 2003 
650 |a forage plants,pastures,animal feed 
980 |a Trung tâm Học liệu Trường Đại học Cần Thơ